Catálogo

PROBABILIDAD Y ESTADISTICA II (Registro nro. 56279)

Detalles MARC
000 -LEADER
fixed length control field 00964nam a2200217 a 4500
001 - CONTROL NUMBER
control field 56279
005 - DATE AND TIME OF LATEST TRANSACTION
control field 20180714051949.0
008 - FIXED-LENGTH DATA ELEMENTS--GENERAL INFORMATION
fixed length control field 140415s2009 mx 000 0 spa d
020 ## - INTERNATIONAL STANDARD BOOK NUMBER
International Standard Book Number 9786074380293
041 ## - LANGUAGE CODE
Language code of text/sound track or separate title spa
082 ## - DEWEY DECIMAL CLASSIFICATION NUMBER
Classification number 519.2
Item number SAN
100 1# - MAIN ENTRY--PERSONAL NAME
Personal name Nelson, David L.,.
245 10 - TITLE STATEMENT
Title PROBABILIDAD Y ESTADISTICA II
250 ## - EDITION STATEMENT
Edition statement 1a ed.
260 ## - PUBLICATION, DISTRIBUTION, ETC.
Place of publication, distribution, etc. MEXICO :
Name of publisher, distributor, etc. GRUPO EDITORIAL PATRIA,
Date of publication, distribution, etc. 2009
300 ## - PHYSICAL DESCRIPTION
Extent 221
Dimensions 19 x 0.8 x 25
490 ## - SERIES STATEMENT
Series statement PROFESION PROFESOR
520 ## - SUMMARY, ETC.
Summary, etc. PROBABILIDAD Y ESTADISTICA II PROPORCIONA AL ESTUDIANTE LOS CONOCIMIENTOS PARA EL CALCULO DE PROBABILIDADES Y EL ANALISIS DESCRIPTIVO DE DATOS DE DOS VARIABLES, COMO UN FUNDAMETO PARA COMPRENDER DIVERSOS FENOMENOS QUE SE PRESENTAN EN LA ECONOMIA, ADMINISTRACION, EN LAS CIENCIAS SOCIALES, EXPERIMENTALES Y EN GENERAL EN CUALQUIER ACTIVIDAD HUMANA.
650 14 - SUBJECT ADDED ENTRY--TOPICAL TERM
Topical term or geographic name entry element ESTADISTICA
General subdivision PROBABILIDADES
700 1# - ADDED ENTRY--PERSONAL NAME
Personal name INZUNSA CAZARES, SANTIAGO -AVILA ANTUNA, ROBERTO
Relator term coaut.
Existencias
Withdrawn status Lost status Source of classification or shelving scheme Damaged status Not for loan Collection code Home library Current library Shelving location Date acquired Source of acquisition Inventory number Total Checkouts Full call number Barcode Date last seen Date last checked out Price effective from Koha item type
    Dewey Decimal Classification     General Biblioteca Karol Wojtyla Biblioteca Karol Wojtyla Sala general 03/12/2013 Compra 151000000000000000039661 3 519.2 SAN 84871 05/01/2026 24/04/2019 03/12/2013 Libro